Statistiques concernant Armes de Splatoon

Cliquez ici pour prendre le quiz!

Statistiques générales

  • Ce quiz a été pris 118 fois
  • Le résultat moyen est 15 sur 30

Statistiques - réponses

°IndiceArme% Correct
2N°1 amélioréLiquidateur
89%
13Pratique pour peindre de grandes surfacesRouleau
79%
16PinceauEpinceau
75%
1Arme de baseLiquidateur Jr.
72%
18Seau____Seauceur
72%
3Version pro du 2Liquidateur pro
70%
4Aéro___Aérogun
68%
7Sniper de baseConcentraceur
66%
30Enorme calamarKraken
66%
17Pinceau largeEpinceau brosse
62%
9Sniper qui tire loinExtraceur
58%
8N°7 avec zoomConcentraceur zoom
57%
27Crée une grosse tornadeMissile tornade
54%
14N°13 plus légerRouleau carbone
54%
10N°9 avec zoomExtraceur zoom
53%
25Protège des tirs enemmisBouclier
51%
21Charge puis tire pendant quelques secondesBadigeonneur
50%
19Seau divisé en trois sectionsDépoteur
50%
15N°13 plus lourdDynamo-rouleau
50%
29Fait apparaître un rayon qui tue les ennemisHaut-perceur
42%
20Machine à laverEncrifugeur
41%
22Version plus petite du 21Badigeonneur XS
38%
12Sniper en bambouBimbamboum MK I
37%
6Tire des petites bombesEclablaster
36%
26Permet de voir où sont les ennemisSonar
34%
5Pistolet rétroN-Zap 85
29%
24Arme spéciale pour lancer plein de bombesBombardement
28%
28Permet de tirer des petites tornadesLance-tornades
28%
11Sniper qui charge viteDécap'express alpha
25%
23Grosse version du 21Extinteur
14%

Distribution des résultats

Percentile par nombre de réponses

% des personnes avec chaque résultat

Votre développement - résultats

Vous n’avez pas pris ce quiz